00776nam a2200193 i 450000100060000000300090000600500170001500700030003200800410003510000430007624501410011926000320026030000290029265000370032170000530035885200320041199900170044395201220046049304ES-MaACL20250826040242.0t|030714s1968 sp ||||1| spa d1 aCortés Domínguez, Matías.94088310aOrdenamiento tributario español b: Ley General Tributaria / cMatías Cortés Domínguez ; prólogo de Fernando Sainz de Bujanda. aMadrid : bTecnos, c[1968] aXXXIX, 549 p. ; c21 cm.04aDerecho fiscal-zEspaña9117091 aSainz de Bujanda, Fernando (d1915-1999)9101580 aES-MaACLjC-35249 bR.67835 c49304d49304 00104070aATENEOMbATENEOMcDEPO2d2008-01-17eSCl0oC-35249p1051882r2023-02-23 00:00:00w2023-02-23yMONOGRAFIA